Autoportrét

Bibliographic Details
Main Author: Rákoši, Ernest, 1881-1973 (Author)
Format: Article
Language:Slovak
Subjects:

MARC

LEADER 00000nab a22000001a 4500
001 vtls009003750
003 SK-MaSNL
005 20260303065606.0
008 070628d19210626xo |r|p|||| |000 b|slo
015 |a SNBRRBVU1918-1938 
038 |a SNKBUCL 
040 |a SNKBUVU  |b slo  |c SNKBUCL  |e AACR2 
041 0 |a slo 
044 |a xo  |c SK 
080 |a 75.051:75.021.32  |2 1997 
080 |a 75.021.32  |2 1997 
080 |a 75.041.5  |2 1997 
100 1 |a Rákoši, Ernest,  |d 1881-1973  |4 aut  |9 87363 
245 1 0 |a Autoportrét  |c Ernest Rákossy 
650 0 7 |a slovenské maliarstvo  |2 MM  |9 3124 
650 0 7 |a autoportréty  |2 snkbucl  |9 2889 
655 7 |a reprodukcie výtvarných diel  |2 MM  |9 310790 
773 0 |t Slovenský svet  |g Roč. 1, č. 11 (26.6.1921), s. 21 
852 |a SNK  |b KIS3GCP 
910 |a snkrbvumm 
958 |a VY 
999 |c 1751846  |d 1753776